Universal's guide to LL.B. entrance examination 1998-99 / (Record no. 136216)

MARC details
000 -LEADER
fixed length control field 00693nam a22002057a 4500
010 ## - LIBRARY OF CONGRESS CONTROL NUMBER
LC control number B-012089
020 ## - INTERNATIONAL STANDARD BOOK NUMBER
International Standard Book Number 8175341080
035 ## - SYSTEM CONTROL NUMBER
System control number B-012089
037 ## - SOURCE OF ACQUISITION
Stock number Cen Lib/Ret
040 ## - CATALOGING SOURCE
Original cataloging agency DPL
Language of cataloging EN
082 ## - DEWEY DECIMAL CLASSIFICATION NUMBER
Classification number 340.7
Item number UNI
245 ## - TITLE STATEMENT
Title Universal's guide to LL.B. entrance examination 1998-99 /
Statement of responsibility, etc edited by Manish Arora [and] Anita Abraham
250 ## - EDITION STATEMENT
Edition statement 8th ed
260 ## - PUBLICATION, DISTRIBUTION, ETC. (IMPRINT)
Place of publication, distribution, etc Delhi ;
Name of publisher, distributor, etc Universal Law Publishing Co. Pvt. Ltd.
Date of publication, distribution, etc 1998
270 ## - ADDRESS
Address Universal Law Publishing Co. Pvt. Ltd.
City Delhi
Postal code 110001
300 ## - PHYSICAL DESCRIPTION
Extent viii, 492p ;
Other physical details 24cm(Hb)
650 ## - SUBJECT ADDED ENTRY--TOPICAL TERM
Topical term or geographic name as entry element LLB examination - guide
9 (RLIN) 114847
650 ## - SUBJECT ADDED ENTRY--TOPICAL TERM
Topical term or geographic name as entry element Entrance examination - guide
9 (RLIN) 114848
942 ## - ADDED ENTRY ELEMENTS (KOHA)
Source of classification or shelving scheme Dewey Decimal Classification
Koha item type English Books
Classification part 340.7
Call number suffix UNI
Holdings
Withdrawn status Lost status Damaged status Not for loan Home library Current library Date acquired Source of acquisition Total Checkouts Full call number Barcode Date last seen Copy number Price effective from Koha item type
        Central Library Central Library 29/12/2015 Cen Lib/Ret   340.7 UNI B-012089 29/12/2015 1 29/12/2015 English Books

© Delhi Public Library
Hit Counter
free hit counter